ბათუმის შოთა რუსთაველის სახელმწიფო უნივერსიტეტის ბიბლიოთეკა

სერგო ჯორბენაძე 70 საიუბილეო კრებული = Sergo Djorbenadze 70 Festschrift / (ბიბ.ჩანაწერი № 59552)

000 -ლიდერი
ფიქსირებული სიგრძის საკონტროლო ველი 01022nam a22001937a 4500
003 - საკონტროლო ნომრის იდენტიფიკატორი
საკონტროლო ველი Ge_BSU
005 - ბოლო ოპერაციის თარიღი და დრო
საკონტროლო ველი 20230314112609.0
008 - ფიქსირებული სიგრძის მონაცემთა ელემენტები - ზოგადი ინფორმაცია
ფიქსირებული სიგრძის საკონტროლო ველი 230314s1996 ge ||||| |||| 00| 0 geo d
041 ## - ენის კოდი
Language code of text/sound track or separate title geo
080 ## - უნივერსალური ათობითი კლასიფიკაციის ინდექსი
Universal Decimal Classification number 347.96(479.22) ს-42
245 ## - ცნობა სათაურის შესახებ
Title სერგო ჯორბენაძე 70 საიუბილეო კრებული = Sergo Djorbenadze 70 Festschrift /
Statement of responsibility, etc შემდგენლები და რედაქტორები: როლფ კნიპერი, ლადო ჭანტურია.
264 ## - წარმოების, გამოცემის, დისტრიბუციის და სხვა ცნობები
გამოცემის, წარმოების, დისტრიბუციის... ადგილი თბილისი :
გამოცემის, წარმოების, დისტრიბუციის... სახელწოდება ნორმა,
გამოცემის, წარმოების, დისტრიბუციის... თარიღი 1996.
300 ## - ფიზიკური აღწერა
Extent 420 გვ.;
Other physical details 21 სმ.
653 ## - INDEX TERM--UNCONTROLLED
Uncontrolled term სერგო ჯორბენაძე 70
653 ## - INDEX TERM--UNCONTROLLED
Uncontrolled term საიუბილეო კრებული
700 ## - ADDED ENTRY--PERSONAL NAME
Personal name კნაპერი, როლფ
Relator term შემდგენელი. რედაქტორი
9 (RLIN) 17199
700 ## - ADDED ENTRY--PERSONAL NAME
Personal name ჭანტურია, ლადო
Relator term შემდგენელი. რედაქტორი
9 (RLIN) 17200
942 ## - ADDED ENTRY ELEMENTS (KOHA)
Source of classification or shelving scheme
Koha item type წიგნი
ეგზემპლარები
ჩამოწერის სტატუსი დაკარგული ეგზემპლარის სტატუსი კლასიფიკაციის წყარო ან თაროზე გაწყობის სქემა დაზიანების სტატუსი არ გაიცემა მუდმივი მდებარეობა (დაცვის ადგილი) ამჟამინდელი ადგილსამყოფელი თაროზე განთავსების ადგილი შეძენის თარიღი ღირებულება, შესყიდვის ნორმალური ფასი სრული შენახვის შიფრი შტრიხკოდი ბოლო ოპერაციის თარიღი ეგზემპლარის მიმდევრობითი ნომერი (კეტერი?) ფასის ძალაში შესვლის თარიღი ეგზემპლარის სახეობა საჯარო შენიშვნა
          ბათუმის შოთა რუსთაველის სახელმწიფო უნივერსიტეტის მთავარი ბიბლიოთეკა ბათუმის შოთა რუსთაველის სახელმწიფო უნივერსიტეტის მთავარი ბიბლიოთეკა წიგნსაცავი 2023-03-14 10.00 347.96(479.22) ს-42 64027 2023-03-14 64027 2023-03-14 წიგნი 10 ლ.